World Capitals by a Single Word #1 - Statistics

General Stats
  • This quiz has been taken 46 times
  • The average score is 12 of 20
Answer Stats
hint capital % Correct
Louvre Paris
98%
Brandenburg Berlin
96%
Guinness Dublin
93%
Underground London
93%
tango Buenos Aires
89%
Trevi Rome
87%
Tiananmen Beijing
84%
Capitol Washington
76%
Petronas Kuala Lumpur
69%
Tigris Baghdad
67%
coldest Ulaanbaatar
51%
Musikverein Vienna
51%
Drottningholm Stockholm
49%
Tahrir Cairo
47%
Ginza Tokyo
42%
divided Jerusalem
22%
divided Nicosia
18%
hottest Khartoum
13%
kava Suva
13%
sawadee Bangkok
9%
No matching quizzes found
Score Distribution
Percent of People with Each Score
Percentile by Number Answered
Your Score History
You have not taken this quiz